00470nam a22001691a 45000010005000000030004000050050017000090080041000260500019000671000024000862450081001102640032001913000009002235000020002326500019002526510029002714003OSt20260204211912.0050601s1999||||RD ||||||b||||||||||x || aRD 302.2 J564g aJiménez S., M. A. aUna guía de redacción para la comunicación popular / Arturo Jimenez S. aSanto Domingo: Alfa y Omega a99 p aIncluye indice. aComunicación aNavarro, P. AgustínÌ